[Event "Silkway Cup"]
[Site "T#646345FIDE"]
[Date "2020.05.26"]
[Round "3"]
[White "GIGA QUPARADZE"]
[Black "Nara_Kh"]
[Result "1-0"]
[WhiteElo "1620"]
[BlackElo "1620"]
[Annotator "NA"]
[PlyCount "147"]
[EventDate "2020.05.26"]
[EventType "swiss (blitz)"]

1. e4 {[%emt 0:00:02]} d6 {[%emt 0:00:04]} 2. d4 {[%emt 0:00:02]} Nf6 {[%emt 0:00:01]} 3. Nc3 {[%emt 0:00:02]} g6 {[%emt 0:00:01]} 4. Bg5 {[%emt 0:00:05]} Bg7 {[%emt 0:00:03]} 5. Qd2 {[%emt 0:00:02]} h6 {[%emt 0:00:06]} 6. Bh4 {[%emt 0:00:02]} Nbd7 {[%emt 0:00:22]} 7. O-O-O {[%emt 0:00:03]} g5 {[%emt 0:00:29]} 8. Bg3 {[%emt 0:00:04]} c6 {[%emt 0:00:01]} 9. e5 {[%emt 0:00:16]} dxe5 {[%emt 0:00:35]} 10. dxe5 {[%emt 0:00:00]} Nh5 {[%emt 0:00:11]} 11. e6 {[%emt 0:00:06]} fxe6 {[%emt 0:00:02]} 12. Be2 {[%emt 0:00:01]} Nxg3 {[%emt 0:00:04]} 13. hxg3 {[%emt 0:00:00]} O-O {[%emt 0:00:04]} 14. f4 {[%emt 0:00:03]} Qa5 {[%emt 0:00:08]} 15. fxg5 {[%emt 0:00:14]} Qxg5 {[%emt 0:00:07]} 16. Qxg5 {[%emt 0:00:02]} hxg5 {[%emt 0:00:01]} 17. Ne4 {[%emt 0:00:01]} Bf6 {[%emt 0:00:14]} 18. Nf3 {[%emt 0:00:05]} g4 {[%emt 0:00:05]} 19. Nh2 {[%emt 0:00:02]} Ne5 {[%emt 0:00:04]} 20. Nxg4 {[%emt 0:00:01]} Nxg4 {[%emt 0:00:04]} 21. Bxg4 {[%emt 0:00:00]} Kg7 {[%emt 0:00:10]} 22. Nc5 {[%emt 0:00:07]} Be5 {[%emt 0:00:08]} 23. Bxe6 {[%emt 0:00:04]} Bxg3 {[%emt 0:00:05]} 24. Bxc8 {[%emt 0:00:04]} Rfxc8 {[%emt 0:00:00]} 25. Rd7 {[%emt 0:00:06]} Bd6 {[%emt 0:00:02]} 26. Nxb7 {[%emt 0:00:04]} Rc7 {[%emt 0:00:08]} 27. Rxc7 {[%emt 0:00:02]} Bxc7 {[%emt 0:00:01]} 28. Nc5 {[%emt 0:00:00]} Kf6 {[%emt 0:00:09]} 29. Rf1+ {[%emt 0:00:04]} Ke5 {[%emt 0:00:04]} 30. Kd2 {[%emt 0:00:03]} Bd6 {[%emt 0:00:03]} 31. Nd3+ {[%emt 0:00:02]} Ke4 {[%emt 0:00:04]} 32. Re1+ {[%emt 0:00:02]} Kf5 {[%emt 0:00:03]} 33. Rf1+ {[%emt 0:00:05]} Ke4 {[%emt 0:00:02]} 34. g4 {[%emt 0:00:10]} Rg8 {[%emt 0:00:02]} 35. Ke2 {[%emt 0:00:03]} e5 {[%emt 0:00:16]} 36. Rf6 {[%emt 0:00:03]} Bc7 {[%emt 0:00:05]} 37. Rxc6 {[%emt 0:00:05]} Bb6 {[%emt 0:00:01]} 38. Re6 {[%emt 0:00:01]} Rxg4 {[%emt 0:00:01]} 39. Rxe5+ {[%emt 0:00:02]} Kd4 {[%emt 0:00:01]} 40. Rf5 {[%emt 0:00:03]} Rg2+ {[%emt 0:00:01]} 41. Rf2 {[%emt 0:00:01]} Rg3 {[%emt 0:00:01]} 42. Rf4+ {[%emt 0:00:02]} Kd5 {[%emt 0:00:01]} 43. c4+ {[%emt 0:00:01]} Ke6 {[%emt 0:00:03]} 44. Re4+ {[%emt 0:00:01]} Kf5 {[%emt 0:00:01]} 45. Re8 {[%emt 0:00:04]} Rg2+ {[%emt 0:00:01]} 46. Kd1 {[%emt 0:00:01]} Bd4 {[%emt 0:00:02]} 47. Kc1 {[%emt 0:00:03]} Kf6 {[%emt 0:00:06]} 48. Re4 {[%emt 0:00:05]} Bb6 {[%emt 0:00:03]} 49. c5 {[%emt 0:00:02]} Bc7 {[%emt 0:00:01]} 50. b4 {[%emt 0:00:04]} Rxa2 {[%emt 0:00:02]} 51. Nb2 {[%emt 0:00:03]} Ra3 {[%emt 0:00:01]} 52. Kc2 {[%emt 0:00:02]} Rf3 {[%emt 0:00:01]} 53. Nc4 {[%emt 0:00:01]} Kf5 {[%emt 0:00:02]} 54. Re7 {[%emt 0:00:02]} Bb8 {[%emt 0:00:03]} 55. Rb7 {[%emt 0:00:12]} Be5 {[%emt 0:00:01]} 56. Na5 {[%emt 0:00:17]} Rc3+ {[%emt 0:00:02]} 57. Kd2 {[%emt 0:00:01]} Rh3 {[%emt 0:00:03]} 58. Nc6 {[%emt 0:00:03]} Bf6 {[%emt 0:00:02]} 59. Rxa7 {[%emt 0:00:03]} Ke4 {[%emt 0:00:01]} 60. Ra6 {[%emt 0:00:02]} Kd5 {[%emt 0:00:01]} 61. Kc2 {[%emt 0:00:09]} Rg3 {[%emt 0:00:01]} 62. Na5 {[%emt 0:00:02]} Bc3 {[%emt 0:00:03]} 63. Rd6+ {[%emt 0:00:01]} Ke5 {[%emt 0:00:01]} 64. Nc6+ {[%emt 0:00:02]} Ke4 {[%emt 0:00:01]} 65. b5 {[%emt 0:00:03]} Bg7 {[%emt 0:00:07]} 66. b6 {[%emt 0:00:06]} Rc3+ {[%emt 0:00:01]} 67. Kd1 {[%emt 0:00:02]} Rxc5 {[%emt 0:00:02]} 68. b7 {[%emt 0:00:01]} Bh6 {[%emt 0:00:04]} 69. Rxh6 {[%emt 0:00:13]} Rd5+ {[%emt 0:00:03]} 70. Ke2 {[%emt 0:00:03]} Rb5 {[%emt 0:00:01]} 71. Rh4+ {[%emt 0:00:02]} Kd5 {[%emt 0:00:03]} 72. Rh5+ {[%emt 0:00:02]} Kxc6 {[%emt 0:00:01]} 73. Rxb5 {[%emt 0:00:01]} Kxb5 {[%emt 0:00:01]} 74. b8=Q+ {[%emt 0:00:01] Nara_Kh Ñäàåòñÿ (Lag: Av=0.36s, max=0.9s)} 1-0

[Event "Silkway Cup"]
[Site "T#646345FIDE"]
[Date "2020.05.26"]
[Round "3"]
[White "KTsa"]
[Black "SuleymanliAydin1"]
[Result "0-1"]
[WhiteElo "1620"]
[BlackElo "1620"]
[Annotator "NA"]
[PlyCount "90"]
[EventDate "2020.05.26"]
[EventType "swiss (blitz)"]

1. d4 {[%emt 0:00:02]} d5 {[%emt 0:00:09]} 2. Nf3 {[%emt 0:00:02]} Nf6 {[%emt 0:00:04]} 3. Bg5 {[%emt 0:00:03]} Nbd7 {[%emt 0:00:04]} 4. e3 {[%emt 0:00:01]} g6 {[%emt 0:00:08]} 5. c4 {[%emt 0:00:04]} Bg7 {[%emt 0:00:05]} 6. Nc3 {[%emt 0:00:02]} c6 {[%emt 0:00:04]} 7. cxd5 {[%emt 0:00:01]} cxd5 {[%emt 0:00:00]} 8. Be2 {[%emt 0:00:01]} O-O {[%emt 0:00:01]} 9. O-O {[%emt 0:00:01]} a6 {[%emt 0:00:03]} 10. Rc1 {[%emt 0:00:01]} b6 {[%emt 0:00:33]} 11. Ne5 {[%emt 0:00:25]} Bb7 {[%emt 0:00:03]} 12. Bf4 {[%emt 0:00:15]} Rc8 {[%emt 0:00:12]} 13. h3 {[%emt 0:00:02]} Ne8 {[%emt 0:00:33]} 14. Nxd7 {[%emt 0:00:11]} Qxd7 {[%emt 0:00:01]} 15. Bd3 {[%emt 0:00:06]} Nd6 {[%emt 0:00:04]} 16. Qe2 {[%emt 0:00:06]} b5 {[%emt 0:00:06]} 17. Nb1 {[%emt 0:00:04]} f6 {[%emt 0:01:07]} 18. Bg3 {[%emt 0:00:36]} Nf5 {[%emt 0:00:11]} 19. Bh2 {[%emt 0:00:33]} e5 {[%emt 0:00:02]} 20. dxe5 {[%emt 0:00:12]} fxe5 {[%emt 0:00:00]} 21. Rcd1 {[%emt 0:00:16]} Qc6 {[%emt 0:00:05]} 22. Nd2 {[%emt 0:00:14]} e4 {[%emt 0:00:04]} 23. Bb1 {[%emt 0:00:01]} Qf6 {[%emt 0:00:01]} 24. Nb3 {[%emt 0:00:17]} Qxb2 {[%emt 0:00:02]} 25. Qxb2 {[%emt 0:00:00]} Bxb2 {[%emt 0:00:01]} 26. Na5 {[%emt 0:00:02]} Ba8 {[%emt 0:00:01]} 27. Bf4 {[%emt 0:00:05]} Bc3 {[%emt 0:00:01]} 28. Nb3 {[%emt 0:00:02]} a5 {[%emt 0:00:00]} 29. Nd4 {[%emt 0:00:10]} Nxd4 {[%emt 0:00:02]} 30. exd4 {[%emt 0:00:02]} Rxf4 {[%emt 0:00:01]} 31. Rc1 {[%emt 0:00:00]} Rff8 {[%emt 0:00:01]} 32. g3 {[%emt 0:00:01]} Bxd4 {[%emt 0:00:01]} 33. Rcd1 {[%emt 0:00:01]} Bb6 {[%emt 0:00:02]} 34. Rd2 {[%emt 0:00:01]} d4 {[%emt 0:00:01]} 35. Re1 {[%emt 0:00:02]} e3 {[%emt 0:00:00]} 36. Rde2 {[%emt 0:00:00]} d3 {[%emt 0:00:01]} 37. Bxd3 {[%emt 0:00:02]} exf2+ {[%emt 0:00:01]} 38. Rxf2 {[%emt 0:00:00]} Bxf2+ {[%emt 0:00:01]} 39. Kh2 {[%emt 0:00:00]} Bxe1 {[%emt 0:00:00]} 40. Bxb5 {[%emt 0:00:01]} Rf2+ {[%emt 0:00:01]} 41. Kg1 {[%emt 0:00:02]} Rc1 {[%emt 0:00:00]} 42. Bc4+ {[%emt 0:00:01]} Kg7 {[%emt 0:00:01]} 43. Bf1 {[%emt 0:00:01]} Rb2 {[%emt 0:00:01]} 44. a4 {[%emt 0:00:01]} Bxg3 {[%emt 0:00:02]} 45. h4 {[%emt 0:00:01]} Bh2# {[%emt 0:00:00] (Lag: Av=0.43s, max=0.6s)} 0-1

[Event "Silkway Cup"]
[Site "T#646345FIDE"]
[Date "2020.05.26"]
[Round "3"]
[White "Nanadzagnidze"]
[Black "Mammadzada"]
[Result "1-0"]
[WhiteElo "1620"]
[BlackElo "1620"]
[Annotator "NA"]
[PlyCount "99"]
[EventDate "2020.05.26"]
[EventType "swiss (blitz)"]

1. d4 {[%emt 0:00:05]} Nf6 {[%emt 0:00:04]} 2. Nf3 {[%emt 0:00:01]} d5 {[%emt 0:00:03]} 3. c4 {[%emt 0:00:04]} c6 {[%emt 0:00:07]} 4. cxd5 {[%emt 0:00:08]} cxd5 {[%emt 0:00:02]} 5. Nc3 {[%emt 0:00:01]} Nc6 {[%emt 0:00:03]} 6. Bf4 {[%emt 0:00:01]} Nh5 {[%emt 0:00:01]} 7. Be3 {[%emt 0:00:05]} g6 {[%emt 0:00:12]} 8. g3 {[%emt 0:00:07]} Bg7 {[%emt 0:00:02]} 9. Bg2 {[%emt 0:00:01]} O-O {[%emt 0:00:03]} 10. O-O {[%emt 0:00:01]} Nf6 {[%emt 0:00:10]} 11. Ne5 {[%emt 0:00:04]} e6 {[%emt 0:00:11]} 12. Nxc6 {[%emt 0:00:16]} bxc6 {[%emt 0:00:03]} 13. Rc1 {[%emt 0:00:01]} Ng4 {[%emt 0:00:43]} 14. Bf4 {[%emt 0:00:09]} e5 {[%emt 0:00:34]} 15. dxe5 {[%emt 0:00:08]} Nxe5 {[%emt 0:00:00]} 16. b3 {[%emt 0:00:08]} Ba6 {[%emt 0:00:19]} 17. Qd2 {[%emt 0:00:02]} Re8 {[%emt 0:00:02]} 18. Rfd1 {[%emt 0:00:10]} Qe7 {[%emt 0:00:09]} 19. h3 {[%emt 0:00:40]} Rad8 {[%emt 0:00:16]} 20. Na4 {[%emt 0:00:09]} Bb7 {[%emt 0:00:15]} 21. Nc5 {[%emt 0:00:04]} Bc8 {[%emt 0:00:01]} 22. Bg5 {[%emt 0:00:09]} f6 {[%emt 0:00:10]} 23. Be3 {[%emt 0:00:02]} g5 {[%emt 0:00:07]} 24. Bd4 {[%emt 0:00:07]} f5 {[%emt 0:00:05]} 25. e3 {[%emt 0:00:19] .} h6 {[%emt 0:00:01]} 26. Nd3 {[%emt 0:00:05]} Bd7 {[%emt 0:00:02]} 27. Nxe5 {[%emt 0:00:05]} Bxe5 {[%emt 0:00:01]} 28. Bxa7 {[%emt 0:00:03]} Qf6 {[%emt 0:00:04]} 29. Bd4 {[%emt 0:00:21]} Kh7 {[%emt 0:00:01]} 30. a4 {[%emt 0:00:04]} Rb8 {[%emt 0:00:04]} 31. Rb1 {[%emt 0:00:02]} Rg8 {[%emt 0:00:02]} 32. b4 {[%emt 0:00:03]} f4 {[%emt 0:00:05]} 33. g4 {[%emt 0:00:05]} Rbe8 {[%emt 0:00:03]} 34. b5 {[%emt 0:00:04]} fxe3 {[%emt 0:00:01]} 35. fxe3 {[%emt 0:00:02]} c5 {[%emt 0:00:01]} 36. Bxc5 {[%emt 0:00:07]} Be6 {[%emt 0:00:01]} 37. Bd4 {[%emt 0:00:01]} Bxd4 {[%emt 0:00:03]} 38. Qxd4 {[%emt 0:00:01]} Qe7 {[%emt 0:00:00]} 39. b6 {[%emt 0:00:02]} Bf7 {[%emt 0:00:01]} 40. b7 {[%emt 0:00:01]} Rb8 {[%emt 0:00:02]} 41. Rb6 {[%emt 0:00:02]} Rxb7 {[%emt 0:00:02]} 42. Rxb7 {[%emt 0:00:02]} Qxb7 {[%emt 0:00:01]} 43. Bxd5 {[%emt 0:00:01]} Bxd5 {[%emt 0:00:04]} 44. Qxd5 {[%emt 0:00:00]} Qb6 {[%emt 0:00:04]} 45. Qf5+ {[%emt 0:00:01]} Kh8 {[%emt 0:00:02]} 46. Qe5+ {[%emt 0:00:02]} Rg7 {[%emt 0:00:01]} 47. Rd7 {[%emt 0:00:03]} Qb1+ {[%emt 0:00:03]} 48. Kg2 {[%emt 0:00:02]} Qc2+ {[%emt 0:00:04]} 49. Kg3 {[%emt 0:00:01]} Qg6 {[%emt 0:00:02]} 50. Qxg7+ {[%emt 0:00:02] Mammadzada resigns (Lag: Av=0.92s, max=1.4s)} 1-0

[Event "Silkway Cup"]
[Site "T#646345FIDE"]
[Date "2020.05.26"]
[Round "3"]
[White "NikaVolkov"]
[Black "Durarbeyli Vasif"]
[Result "0-1"]
[WhiteElo "1620"]
[BlackElo "2816"]
[Annotator "TA"]
[PlyCount "62"]
[EventDate "2020.05.26"]
[EventType "swiss (blitz)"]

{[%evp 10,62,34,47,52,0,23,8,4,6,18,9,23,35,27,19,25,14,18,-8,-8,-16,4,-156,-157,-147,8,8,34,47,55,53,67,47,79,77,120,122,273,297,345,336,349,-30,-29,-39,-12,-23,-11,-18,-12,-42,-25,-906,-873]} 1. d4 Nf6 2. c4 e6 3. Nc3 Bb4 4. Qc2 d5 5. a3 Be7 6. Nf3 b6 {E36: Nimzo-Indian: Classical: 4...d5 5 a3.} 7. e3 (7. cxd5 $14 exd5 8. Bf4) 7... Bb7 8. cxd5 exd5 {The position is equal.} 9. b4 O-O 10. Bd3 {[#]} c5 $146 ({Predecessor:} 10... Nbd7 11. O-O Re8 12. Bb2 c6 13. Ne2 Bd6 14. Ng3 Rc8 15. Rac1 g6 16. Rfe1 Qe7 17. Nd2 c5 18. bxc5 bxc5 19. dxc5 Nxc5 {½-½ (35) Ryba,A (2170)-Rau,J (2175) Wuerttemberg 1998}) 11. bxc5 bxc5 12. Rb1 Ba6 13. Bxa6 Nxa6 14. Qa4 cxd4 15. exd4 Ne4 16. Nxd5 $2 (16. Nxe4 $11 dxe4 17. Ne5) 16... Qxd5 $17 17. Qxa6 {[#]} Nc3 $2 (17... Ng3 $1 $17 {[%mdl 512]} 18. hxg3 (18. fxg3 Qe4+) 18... Qe4+ {[%mdl 64] Double Attack} 19. Qe2 Qxb1) 18. Rb2 $11 Qe4+ 19. Be3 $1 Nd5 20. O-O Nxe3 21. Re1 {[%mdl 64] [#] Pin} Bg5 $1 {[%mdl 512]} 22. fxe3 (22. Nxg5 Qxg2#) 22... Bxe3+ 23. Kh1 {And now Rb3 would win.} Qf4 $2 (23... f5 $16) 24. Qd3 $18 Bc1 25. Rc2 Rac8 {and if ...Rxc2 works, Black does fine.} 26. Re4 $2 ({Only move:} 26. g3 $18 Qxf3+ 27. Qxf3 Rxc2 28. Qd3) 26... Qb8 27. Ree2 Bf4 28. g3 Bd6 29. Ng5 {[%csl Gg5][%cal Rd3h7]} g6 30. Ne4 Be7 31. Qf3 $2 {[%mdl 8192]} (31. Rxc8 $11 Qxc8 32. d5) 31... Qb1+ {A wild game. Accuracy: White = 60%, Black = 56%.} 0-1

[Event "Silkway Cup"]
[Site "T#646345FIDE"]
[Date "2020.05.26"]
[Round "3"]
[White "Profi013"]
[Black "Ahmadzada"]
[Result "0-1"]
[WhiteElo "1620"]
[BlackElo "1620"]
[Annotator "NA"]
[PlyCount "158"]
[EventDate "2020.05.26"]
[EventType "swiss (blitz)"]

1. e4 {[%emt 0:00:02]} e5 {[%emt 0:00:02]} 2. Nf3 {[%emt 0:00:01]} Nc6 {[%emt 0:00:01]} 3. Bb5 {[%emt 0:00:00]} Nf6 {[%emt 0:00:01]} 4. O-O {[%emt 0:00:01]} Nxe4 {[%emt 0:00:01]} 5. Re1 {[%emt 0:00:01]} Nd6 {[%emt 0:00:01]} 6. Nxe5 {[%emt 0:00:00]} Be7 {[%emt 0:00:01]} 7. Bf1 {[%emt 0:00:01]} Nxe5 {[%emt 0:00:03]} 8. Rxe5 {[%emt 0:00:01]} O-O {[%emt 0:00:01]} 9. d4 {[%emt 0:00:01]} Bf6 {[%emt 0:00:01]} 10. Re1 {[%emt 0:00:01]} Nf5 {[%emt 0:00:01]} 11. d5 {[%emt 0:00:01]} d6 {[%emt 0:00:01]} 12. Nd2 {[%emt 0:00:00]} Re8 {[%emt 0:00:03]} 13. Ne4 {[%emt 0:00:01]} Bd7 {[%emt 0:00:04]} 14. c3 {[%emt 0:00:02]} h6 {[%emt 0:00:17]} 15. Bf4 {[%emt 0:00:03]} Be5 {[%emt 0:00:05]} 16. Qd2 {[%emt 0:00:02]} Qh4 {[%emt 0:00:14]} 17. Bg3 {[%emt 0:00:06]} Nxg3 {[%emt 0:00:06]} 18. hxg3 {[%emt 0:00:02]} Qd8 {[%emt 0:00:09]} 19. f4 {[%emt 0:00:06]} Bf6 {[%emt 0:00:02]} 20. Bd3 {[%emt 0:00:01]} c6 {[%emt 0:00:22]} 21. Bc4 {[%emt 0:00:11]} Bf5 {[%emt 0:00:06]} 22. Nf2 {[%emt 0:00:15]} Qb6 {[%emt 0:00:02]} 23. dxc6 {[%emt 0:00:10]} bxc6 {[%emt 0:00:11]} 24. Kh2 {[%emt 0:00:21]} d5 {[%emt 0:00:06]} 25. Bd3 {[%emt 0:00:01]} Bd7 {[%emt 0:00:07]} 26. g4 {[%emt 0:00:10]} Rab8 {[%emt 0:00:08]} 27. Rxe8+ {[%emt 0:00:07]} Rxe8 {[%emt 0:00:06]} 28. Bf5 {[%emt 0:00:10]} Bxf5 {[%emt 0:00:19]} 29. gxf5 {[%emt 0:00:00]} Qb5 {[%emt 0:00:11]} 30. Nd3 {[%emt 0:00:19]} d4 {[%emt 0:00:04]} 31. cxd4 {[%emt 0:00:08]} Bxd4 {[%emt 0:00:04]} 32. Rf1 {[%emt 0:00:40]} Qxf5 {[%emt 0:00:03]} 33. Rf3 {[%emt 0:00:02]} c5 {[%emt 0:00:07]} 34. b3 {[%emt 0:00:01]} Re4 {[%emt 0:00:13]} 35. Nf2 {[%emt 0:00:05]} Re6 {[%emt 0:00:09]} 36. Nh3 {[%emt 0:00:10]} Qb1 {[%emt 0:00:09]} 37. f5 {[%emt 0:00:25]} Re1 {[%emt 0:00:02]} 38. Kg3 {[%emt 0:00:17]} Be5+ {[%emt 0:00:07]} 39. Nf4 {[%emt 0:00:03]} Re4 {[%emt 0:00:08]} 40. Qd8+ {[%emt 0:00:02]} Kh7 {[%emt 0:00:02]} 41. Kg4 {[%emt 0:00:01]} Qg1 {[%emt 0:00:11]} 42. g3 {[%emt 0:00:02]} Bxf4 {[%emt 0:00:07]} 43. Rxf4 {[%emt 0:00:01]} Re3 {[%emt 0:00:03]} 44. Rf3 {[%emt 0:00:02]} Re4+ {[%emt 0:00:01]} 45. Rf4 {[%emt 0:00:01]} Re3 {[%emt 0:00:05]} 46. Rf3 {[%emt 0:00:01]} Rxf3 {[%emt 0:00:00]} 47. Kxf3 {[%emt 0:00:01]} Qf1+ {[%emt 0:00:00]} 48. Kg4 {[%emt 0:00:01]} Qe2+ {[%emt 0:00:01]} 49. Kh4 {[%emt 0:00:03]} Qxa2 {[%emt 0:00:03]} 50. Qd5 {[%emt 0:00:02]} Qh2+ {[%emt 0:00:02]} 51. Kg4 {[%emt 0:00:01]} Qe2+ {[%emt 0:00:01]} 52. Kh4 {[%emt 0:00:01]} Qe7+ {[%emt 0:00:01]} 53. Kg4 {[%emt 0:00:01]} a5 {[%emt 0:00:02]} 54. Kh3 {[%emt 0:00:02]} Kg8 {[%emt 0:00:08]} 55. Qa8+ {[%emt 0:00:02]} Kh7 {[%emt 0:00:00]} 56. Qd5 {[%emt 0:00:02]} Qc7 {[%emt 0:00:03]} 57. Qe4 {[%emt 0:00:02]} Kg8 {[%emt 0:00:02]} 58. Qe8+ {[%emt 0:00:01]} Kh7 {[%emt 0:00:00]} 59. Qe4 {[%emt 0:00:01]} g6 {[%emt 0:00:00]} 60. fxg6+ {[%emt 0:00:02]} fxg6 {[%emt 0:00:00]} 61. Qd5 {[%emt 0:00:01]} Kg7 {[%emt 0:00:02]} 62. Kh2 {[%emt 0:00:02]} h5 {[%emt 0:00:00]} 63. Qe4 {[%emt 0:00:02]} Kf6 {[%emt 0:00:02]} 64. Qd5 {[%emt 0:00:02]} h4 {[%emt 0:00:04]} 65. Kh1 {[%emt 0:00:08]} Qxg3 {[%emt 0:00:03]} 66. Qc6+ {[%emt 0:00:01]} Kg7 {[%emt 0:00:01]} 67. Qxc5 {[%emt 0:00:03]} h3 {[%emt 0:00:07]} 68. Qe7+ {[%emt 0:00:02]} Kh6 {[%emt 0:00:01]} 69. Qf8+ {[%emt 0:00:01]} Kh5 {[%emt 0:00:01]} 70. Qh8+ {[%emt 0:00:03]} Kg5 {[%emt 0:00:01]} 71. Qd8+ {[%emt 0:00:01]} Kh5 {[%emt 0:00:04]} 72. Qxa5+ {[%emt 0:00:01]} g5 {[%emt 0:00:00]} 73. Qd2 {[%emt 0:00:01]} Qxb3 {[%emt 0:00:01]} 74. Qf2 {[%emt 0:00:01]} Qd5+ {[%emt 0:00:03]} 75. Kh2 {[%emt 0:00:01]} Qg2+ {[%emt 0:00:00]} 76. Qxg2 {[%emt 0:00:02]} hxg2 {[%emt 0:00:00]} 77. Kg1 {[%emt 0:00:03]} Kh4 {[%emt 0:00:02]} 78. Kh2 {[%emt 0:00:01]} g1=Q+ {[%emt 0:00:02]} 79. Kxg1 {[%emt 0:00:01]} Kg3 {[%emt 0:00:00] TimeW} 0-1

[Event "Silkway Cup"]
[Site "T#646345FIDE"]
[Date "2020.05.26"]
[Round "3"]
[White "VugarAsadli"]
[Black "Belusi"]
[Result "1-0"]
[WhiteElo "1620"]
[BlackElo "2536"]
[Annotator "TA"]
[PlyCount "51"]
[EventDate "2020.05.26"]
[EventType "swiss (blitz)"]

{[%evp 19,51,4,5,0,18,6,33,-7,91,-8,-18,-19,26,-8,9,6,19,8,22,20,46,45,296,294,289,289,272,280,1141,1141,1127,1109,2677,2339]} 1. e4 c6 2. Nf3 d5 3. exd5 cxd5 4. c4 Nf6 5. cxd5 Nxd5 6. Nc3 Nxc3 7. bxc3 g6 8. d4 Bg7 9. Bd3 O-O 10. O-O Nc6 11. Re1 {B10: Caro-Kann: 2 d3 and 2 c4.} b6 12. Bg5 {With the idea Be4.} Bb7 13. Bb5 {[#] Bxc6 is the strong threat.White is slightly better.} Bf6 $146 {[#]} (13... Qd6 $11 {remains equal.}) ({Predecessor:} 13... Qc7 14. Bxc6 Qxc6 15. Bxe7 Rfe8 16. Qd2 Qd7 17. Bg5 Bxf3 18. gxf3 Qd5 19. Kg2 h5 {0-1 (35) Temmink,H (2485)-Bern,I (2580) Norway 1994}) 14. Bxf6 ({Better is} 14. Bh6 $1 $16) 14... exf6 $11 15. Rc1 Qd6 16. Nd2 f5 17. Bf1 Rfe8 18. Nc4 $36 {[%mdl 2048] White has good play.} Qd5 19. Qd2 h5 20. Qf4 {aiming for Nd6.} Rad8 $2 {[%mdl 8192] This costs Black the game.} (20... Rxe1 $14 21. Rxe1 Rd8) 21. Rxe8+ $18 {[%mdl 64] Overworked Piece} Rxe8 22. Nd6 {[%mdl 64] Double Attack} Re7 23. Bc4 Qa5 $2 {[#]} (23... Nxd4 24. Bxd5 Ne2+ 25. Kf1 Nxf4 26. Bxb7 Re2) 24. Qg5 $1 {[%mdl 512] Intending Qxg6+ and mate.White is clearly winning.} Kg7 25. d5 Nd4 26. Qxe7 {[%mdl 64] Double Attack. Accuracy: White = 75%, Black = 33%.} 1-0

[Event "Silkway Cup"]
[Site "T#646345FIDE"]
[Date "2020.05.26"]
[Round "3"]
[White "AbdullaKh"]
[Black "Diana lomaia"]
[Result "0-1"]
[WhiteElo "1557"]
[BlackElo "1488"]
[Annotator "NA"]
[PlyCount "36"]
[EventDate "2020.05.26"]
[EventType "swiss (blitz)"]

1. e4 {[%emt 0:00:04]} c5 {[%emt 0:00:01]} 2. c3 {[%emt 0:00:01]} d5 {[%emt 0:00:02]} 3. exd5 {[%emt 0:00:00]} Qxd5 {[%emt 0:00:02]} 4. d4 {[%emt 0:00:00]} Nc6 {[%emt 0:00:02]} 5. Nf3 {[%emt 0:00:01]} Bg4 {[%emt 0:00:02]} 6. Be2 {[%emt 0:00:02]} e6 {[%emt 0:00:04]} 7. Be3 {[%emt 0:00:03]} cxd4 {[%emt 0:00:02]} 8. cxd4 {[%emt 0:00:00]} Nf6 {[%emt 0:00:02]} 9. Nc3 {[%emt 0:00:01]} Bb4 {[%emt 0:00:02]} 10. O-O {[%emt 0:00:02]} Qa5 {[%emt 0:00:01]} 11. h3 {[%emt 0:00:18]} Bh5 {[%emt 0:00:09]} 12. Rc1 {[%emt 0:00:47]} O-O {[%emt 0:00:05]} 13. a3 {[%emt 0:00:02]} Bxc3 {[%emt 0:00:03]} 14. Rxc3 {[%emt 0:00:00]} Rac8 {[%emt 0:00:15]} 15. Rc5 {[%emt 0:00:05]} Qd8 {[%emt 0:00:08]} 16. Bg5 {[%emt 0:00:08]} Bxf3 {[%emt 0:00:20]} 17. Bxf3 {[%emt 0:00:00]} Qxd4 {[%emt 0:00:10]} 18. Qe2 {[%emt 0:00:10]} Qxc5 {[%emt 0:00:07] AbdullaKh resigns (Lag: Av=0.56s, max=0.6s)} 0-1

[Event "Silkway Cup"]
[Site "T#646345FIDE"]
[Date "2020.05.26"]
[Round "3"]
[White "Powerstrong"]
[Black "Ati1517"]
[Result "0-1"]
[WhiteElo "1480"]
[BlackElo "1620"]
[Annotator "NA"]
[PlyCount "70"]
[EventDate "2020.05.26"]
[EventType "swiss (blitz)"]

1. e4 {[%emt 0:00:02]} e5 {[%emt 0:00:01]} 2. Nf3 {[%emt 0:00:02]} Nc6 {[%emt 0:00:02]} 3. Bb5 {[%emt 0:00:01]} a6 {[%emt 0:00:02]} 4. Ba4 {[%emt 0:00:01]} Nf6 {[%emt 0:00:04]} 5. O-O {[%emt 0:00:01]} b5 {[%emt 0:00:05]} 6. Bb3 {[%emt 0:00:01]} Bc5 {[%emt 0:00:01]} 7. c3 {[%emt 0:00:05]} d6 {[%emt 0:00:24]} 8. d4 {[%emt 0:00:02]} Bb6 {[%emt 0:00:13]} 9. a4 {[%emt 0:00:34]} Bb7 {[%emt 0:00:24]} 10. Re1 {[%emt 0:00:40]} h6 {[%emt 0:00:13]} 11. Na3 {[%emt 0:00:09]} O-O {[%emt 0:00:07]} 12. Rb1 {[%emt 0:00:36]} b4 {[%emt 0:00:09]} 13. Nc4 {[%emt 0:00:05]} exd4 {[%emt 0:00:27]} 14. cxd4 {[%emt 0:00:03]} Ba7 {[%emt 0:00:05]} 15. d5 {[%emt 0:00:34]} Ne7 {[%emt 0:00:04]} 16. Be3 {[%emt 0:00:02]} Bxe3 {[%emt 0:00:06]} 17. Rxe3 {[%emt 0:00:01]} a5 {[%emt 0:00:12]} 18. Bc2 {[%emt 0:00:01]} Ng6 {[%emt 0:00:02]} 19. g3 {[%emt 0:00:04]} Ng4 {[%emt 0:00:10]} 20. Re1 {[%emt 0:00:02]} Re8 {[%emt 0:00:04]} 21. Qd3 {[%emt 0:00:04]} Ba6 {[%emt 0:00:05]} 22. Qb3 {[%emt 0:00:28]} Bxc4 {[%emt 0:00:02]} 23. Qxc4 {[%emt 0:00:00]} Qf6 {[%emt 0:00:01]} 24. Qe2 {[%emt 0:00:02]} Re7 {[%emt 0:00:06]} 25. Bd3 {[%emt 0:00:01]} Rae8 {[%emt 0:00:04]} 26. Bb5 {[%emt 0:00:01]} Rxe4 {[%emt 0:00:05]} 27. Qxe4 {[%emt 0:00:05]} Rxe4 {[%emt 0:00:01]} 28. Rxe4 {[%emt 0:00:01]} Qxf3 {[%emt 0:00:01]} 29. Re2 {[%emt 0:00:00]} Qxd5 {[%emt 0:00:04]} 30. Rbe1 {[%emt 0:00:02]} N6e5 {[%emt 0:00:01]} 31. Rc1 {[%emt 0:00:07]} Nf3+ {[%emt 0:00:03]} 32. Kf1 {[%emt 0:00:01]} Nd4 {[%emt 0:00:08]} 33. Re8+ {[%emt 0:00:01]} Kh7 {[%emt 0:00:01]} 34. Bd3+ {[%emt 0:00:00]} g6 {[%emt 0:00:01]} 35. Rce1 {[%emt 0:00:02]} Qh1# {[%emt 0:00:02] (Lag: Av=0.75s, max=1.8s)} 0-1